000 00748nam a22002297a 4500
005 20260211122136.0
010 _aENG-147805
020 _c900.00
_a8187501073
035 _aEN-131337
037 _bDBAD
082 _a921
_21
245 _aK. C Choudhary Life for Lifelong Learning/
_ced.by l. Raja...[et.al]
250 _a1
260 _aNew Delhi
_bIndian adult education association
_c2026
270 _aIndian adult education association
_bNew Delhi
_e110002
_k011-23379306
_miaeadelhi@gmail.com
300 _a112p.
_c24cm(pb)
700 _aL. Raja
_eEditor
_987277
700 _aKhandelwal, Suresh
_eEditor
_987278
700 _aRajesh
_eEditor
_987279
700 _aB. Sanjoy
_eEditor
_987280
942 _2ddc
_cEN
_h921
_mLIF
999 _c214789
_d214789